000 00374 a2200121 4500
001 ART_11930
005 20260410161901.0
008 260409a
245 1 0 _aThe optimal rate of decline of an inefficient industry
100 1 _aForster, Bruce A.
700 1 _aRees, Ray
773 0 _tJournal of public economics
_g- Vol. 22, NÂș 2 (nov. 1983)
_wREV11485
999 _c25954
_d25954